000 00934cam a22002894a 4500
001 13314545
003 mut
005 20240606081126.0
008 030815s2004 nyua b 001 0 eng
010 _a 2003060921
020 _a0321094247
040 _aDLC
_cDLC
_dDLC
042 _apcc
050 0 0 _aBF76.8
_b.D86 2004
082 0 0 _a808/.06615
_222
100 1 _aDunn, Dana.
245 1 2 _aA short guide to writing about psychology /
260 _aNew York :
_bPearson/Longman,
_cc2004.
300 _axii, 228 p. :
_bill. ;
_c21 cm.
490 0 _aThe short guide series
504 _aIncludes bibliographical references (p. 211-219) and index.
650 0 _aPsychology
_xAuthorship.
650 0 _aReport writing.
906 _a7
_bcbc
_corignew
_d1
_eocip
_f20
_gy-gencatlg
942 _2lcc
_cBK
999 _c9909
_d9909